Combined membership list: 1984-1985

Guardat en:
Dades bibliogràfiques
Autor corporatiu: Mathematical Association of America (Autor), Society for Industrial and Applied Mathematics, Estados Unidos (Autor)
Format: Llibre
Idioma:anglès
Publicat: Providence A.M.S 1984
Matèries:
Etiquetes: Afegir etiqueta
Sense etiquetes, Sigues el primer a etiquetar aquest registre!

MARC

LEADER 00000nam a2200000 a 4500
001 UCW1460
003 CL-VaPUC
008 920702e19840000US |||||||||||||||||eng|d
082 0 4 |a 510.25  |b MAT  |2 21 
110 2 |a Mathematical Association of America  |e author  |9 305434 
710 2 |a Society for Industrial and Applied Mathematics, Estados Unidos  |e author  |9 305435 
245 1 0 |a Combined membership list: 1984-1985 
300 |a 340 p 
942 |c BK 
945 |d 19920702 00:00:00 
260 |a Providence  |b A.M.S  |c 1984 
650 7 |a MATEMATICOS DIRECTORIOS  |2 CL-VaPUC  |9 305436 
651 0 |a Estados Unidos  |9 255178 
583 |a last modification  |c 19920702 00:00:00  |k Rodrigo Vera 
999 |c 216348  |d 216346 
952 |0 0  |1 0  |4 0  |6 510_250000000000000_MAT_1984  |7 0  |8 A  |9 202002  |a BIBMAT  |b BIBMAT  |d 2019-11-14  |i 2691655  |o 510.25 MAT 1984  |p 2691655  |r 2025-01-07  |w 2019-11-14  |y BK  |k MAT